00898cam a2200241 a 4500999001300000001000400013003000900017005001700026008004100043020001500084040003300099082002300132100001500155245007600170260004800246300004800294504005100342650003800393651004700431906004500478942001200523952012100535 c834d834466BD-DhUAP20200128125844.0200128s1997 ii ab b 001 0 eng  a9840514032 aDLCcBD-DhUAPbEngdBD-DhUAP00a954.035092 ABU2230 aAbul Kalam10aSubhas Bose :bstrategic concepts and diplomatic thought /cAbul Kalam. aDhaka :bThe University Press Ltd.,cc1997. axviii, 160 pages :billustrations ;c22 cm. aIncludes bibliographical references and index. aBose, Subhas Chandray 1897-1945. 0aIndiaxPolitics and governmenty1919-1947. a7bcbccorigoded3encipf19gy-gencatlg 2ddccBK 00102ddc4070aUAPCLbUAPCLcGeneral Stacksd2020-01-28o954.035092 ABUp3010000466r2020-01-28t1w2020-01-28yBK